Meilleurs Buteurs de la Ligue 1 par Saison depuis 1999/2000 - Statistiques

Statistiques générales
  • Ce quiz a été pris 249 fois
    49 depuis la dernière actualisation
  • Le résultat moyen est 22 sur 26
Statistiques - réponses
Saison Club Meilleur Buteur Nombre de But % Correct
2018-2019 Paris SG Kylian Mbappé 33
100%
2019-2020 Paris SG Kylian Mbappé 18
100%
2020-2021 Paris SG Kylian Mbappé 27
100%
2021-2022 Paris SG Kylian Mbappé 28
100%
2022-2023 Paris SG Kylian Mbappé 29
100%
2023-2024 Paris SG Kylian Mbappé 27
100%
2016-2017 Paris SG Edinson Cavani 35
98%
2017-2018 Paris SG Edinson Cavani 28
98%
2012-2013 Paris SG Zlatan Ibrahimovic 30
98%
2013-2014 Paris SG Zlatan Ibrahimovic 26
98%
2015-2016 Paris SG Zlatan Ibrahimovic 38
98%
2014-2015 Olympique Lyonnais Alexandre Lacazette 27
96%
2011-2012 Montpellier HSC Olivier Giroud 21
93%
2024-2025 Paris SG Ousmane Dembélé 21
93%
2005-2006 Paris SG Pauleta 21
83%
2006-2007 Paris SG Pauleta 15
83%
2001-2002 AJ Auxerre Djibril Cissé 22
80%
2003-2004 AJ Auxerre Djibril Cissé 26
80%
2008-2009 Toulouse FC André-Pierre Gignac 24
76%
2007-2008 Olympique Lyonnais Karim Benzema 20
76%
2009-2010 Olympique de Marseille Mamadou Niang 18
63%
2010-2011 Lille OSC Moussa Sow 25
59%
1999-2000 Olympique Lyonnais Sonny Anderson 23
59%
2000-2001 Olympique Lyonnais Sonny Anderson 22
59%
2004-2005 Stade Rennais FC Alexander Frei 20
39%
2002-2003 AS Monaco Shabani Nonda 26
33%
Aucun quiz correspondant
Distribution des résultats
% des personnes avec chaque résultat
Percentile par nombre de réponses
Votre historique - résultats
Vous n’avez pas pris ce quiz depuis la dernière actualisation